000 00589nam a22001817a 4500
999 _c176360
_d176360
005 20201215153021.0
010 _aENG-128679
020 _a978-93-89807-99-8
_c160.00
035 _aEN-112211
037 _bDBAD/PUB
082 _a158.1
100 _aCarnegie, Dale
245 _aThe Leader in You/
_cDale Carnegie
260 _aNew Delhi
_bDiamond Pocket Boks (P) Ltd.
_c2020
270 _bNew Delhi
_e110020
_aX-30, Okhla Industrial Area, Phase-II
_msales@dpb.in
_k011-40712100, 41611861
_l011-41611866
300 _a182p.
_c22cm(pbk)
_b.
942 _2ddc
_cEN
_h158.1
_mCAR